| 000 | 01178 am a22003015a 4500 | ||
|---|---|---|---|
| 001 | ocm49558801 | ||
| 003 | OSt | ||
| 005 | 20151116153118.0 | ||
| 008 | 020405t2002 pau frb s001 0 eng d | ||
| 020 | _a0271022744 | ||
| 040 |
_aDLC _cDLC _dIUL _beng _dEG-ScBUE |
||
| 043 | _acl----- | ||
| 082 | 0 | 4 |
_a305.42098 _222 _bKAM |
| 100 | 1 |
_aKampwirth, Karen, _d1964- _938756 |
|
| 245 | 1 | 0 |
_aWomen & guerrilla movements : _bNicaragua, El Salvador, Chiapas, Cuba / _cKaren Kampwirth. |
| 246 | 3 | _aWomen and guerilla movements | |
| 260 |
_aPennsylvania : _bPennsylvania State University Press, _cc.2002. |
||
| 300 |
_ax, 194 p. ; _c23 cm. |
||
| 500 | _aIndex : p. 187-194. | ||
| 504 | _aBibliography : p. 157-185. | ||
| 505 | 0 | _aNew roles for Sandino's daughters -- Feminine challenges to military rule in El Salvador -- Also a women's rebellion : the rise of the Zapatista army -- Rethinking women and guerrilla movements : back to Cuba. | |
| 650 | 0 |
_aWomen _xPolitical activity _zLatin America. _2BUEsh |
|
| 650 | 0 |
_aWomen revolutionaries _zLatin America _vInterviews. _2BUEsh |
|
| 651 | _2BUEsh | ||
| 653 |
_bBUSBOL _cNovember2015 |
||
| 655 |
_vReading book _934232 |
||
| 942 | _2ddc | ||
| 999 |
_c21053 _d21025 |
||